<?xml version="1.0" encoding="UTF-8"?>
<record
    xmlns:xsi="http://www.w3.org/2001/XMLSchema-instance"
    xsi:schemaLocation="http://www.loc.gov/MARC21/slim http://www.loc.gov/standards/marcxml/schema/MARC21slim.xsd"
    xmlns="http://www.loc.gov/MARC21/slim">

  <leader>00353nam a2200145Ia 4500</leader>
  <controlfield tag="008">150201s2007    xx            000 0 und d</controlfield>
  <datafield tag="082" ind1=" " ind2=" ">
    <subfield code="a">617.71</subfield>
    <subfield code="b">D07M</subfield>
  </datafield>
  <datafield tag="100" ind1=" " ind2=" ">
    <subfield code="a">LOGAN, TURNER</subfield>
  </datafield>
  <datafield tag="245" ind1=" " ind2=" ">
    <subfield code="a">DISEASES OF THE NOSE THROAT AND EAR</subfield>
  </datafield>
  <datafield tag="250" ind1=" " ind2=" ">
    <subfield code="a">10TH</subfield>
  </datafield>
  <datafield tag="260" ind1=" " ind2=" ">
    <subfield code="b">JAYPEE BROTHERS</subfield>
    <subfield code="a">DELHI</subfield>
    <subfield code="c">2007</subfield>
  </datafield>
  <datafield tag="300" ind1=" " ind2=" ">
    <subfield code="a">1-456</subfield>
  </datafield>
  <datafield tag="650" ind1=" " ind2=" ">
    <subfield code="a">E.N.T.</subfield>
  </datafield>
  <datafield tag="942" ind1=" " ind2=" ">
    <subfield code="2">ddc</subfield>
    <subfield code="c">BK</subfield>
    <subfield code="0">2</subfield>
  </datafield>
  <datafield tag="952" ind1=" " ind2=" ">
    <subfield code="0">0</subfield>
    <subfield code="1">0</subfield>
    <subfield code="2">ddc</subfield>
    <subfield code="4">0</subfield>
    <subfield code="7">0</subfield>
    <subfield code="8">MEDICAL</subfield>
    <subfield code="a">FM</subfield>
    <subfield code="b">FM</subfield>
    <subfield code="c">TXT</subfield>
    <subfield code="d">2010-02-06</subfield>
    <subfield code="e">JAYPEE</subfield>
    <subfield code="g">295.00</subfield>
    <subfield code="i">SGTU</subfield>
    <subfield code="l">2</subfield>
    <subfield code="o">617.71 D07M</subfield>
    <subfield code="p">FM498</subfield>
    <subfield code="r">2019-05-01 00:00:00</subfield>
    <subfield code="s">2019-04-30</subfield>
    <subfield code="w">2011-03-09</subfield>
    <subfield code="y">BK</subfield>
    <subfield code="k">7215</subfield>
  </datafield>
  <datafield tag="952" ind1=" " ind2=" ">
    <subfield code="0">0</subfield>
    <subfield code="1">0</subfield>
    <subfield code="2">ddc</subfield>
    <subfield code="4">0</subfield>
    <subfield code="7">0</subfield>
    <subfield code="8">MEDICAL</subfield>
    <subfield code="a">FM</subfield>
    <subfield code="b">FM</subfield>
    <subfield code="c">TXT</subfield>
    <subfield code="d">2010-02-06</subfield>
    <subfield code="e">JAYPEE</subfield>
    <subfield code="g">295.00</subfield>
    <subfield code="i">SGTU</subfield>
    <subfield code="l">0</subfield>
    <subfield code="o">617.71 D07M</subfield>
    <subfield code="p">FM499</subfield>
    <subfield code="r">2015-02-09 00:00:00</subfield>
    <subfield code="w">2011-03-09</subfield>
    <subfield code="y">BK</subfield>
    <subfield code="k">7215</subfield>
  </datafield>
  <datafield tag="952" ind1=" " ind2=" ">
    <subfield code="0">0</subfield>
    <subfield code="1">0</subfield>
    <subfield code="2">ddc</subfield>
    <subfield code="4">0</subfield>
    <subfield code="7">0</subfield>
    <subfield code="8">MEDICAL</subfield>
    <subfield code="a">FM</subfield>
    <subfield code="b">FM</subfield>
    <subfield code="c">TXT</subfield>
    <subfield code="d">2010-02-06</subfield>
    <subfield code="e">JAYPEE</subfield>
    <subfield code="g">295.00</subfield>
    <subfield code="i">SGTU</subfield>
    <subfield code="l">1</subfield>
    <subfield code="o">617.71 D07M</subfield>
    <subfield code="p">FM500</subfield>
    <subfield code="r">2015-04-25 00:00:00</subfield>
    <subfield code="s">2015-04-25</subfield>
    <subfield code="w">2011-03-09</subfield>
    <subfield code="y">BK</subfield>
    <subfield code="k">7215</subfield>
  </datafield>
  <datafield tag="952" ind1=" " ind2=" ">
    <subfield code="0">0</subfield>
    <subfield code="1">0</subfield>
    <subfield code="2">ddc</subfield>
    <subfield code="4">0</subfield>
    <subfield code="7">0</subfield>
    <subfield code="8">MEDICAL</subfield>
    <subfield code="a">FM</subfield>
    <subfield code="b">FM</subfield>
    <subfield code="c">TXT</subfield>
    <subfield code="d">2010-02-06</subfield>
    <subfield code="e">JAYPEE</subfield>
    <subfield code="g">295.00</subfield>
    <subfield code="i">SGTU</subfield>
    <subfield code="l">0</subfield>
    <subfield code="o">617.71 D07M</subfield>
    <subfield code="p">FM501</subfield>
    <subfield code="r">2015-02-09 00:00:00</subfield>
    <subfield code="w">2011-03-09</subfield>
    <subfield code="y">BK</subfield>
    <subfield code="k">7215</subfield>
  </datafield>
  <datafield tag="952" ind1=" " ind2=" ">
    <subfield code="0">0</subfield>
    <subfield code="1">0</subfield>
    <subfield code="2">ddc</subfield>
    <subfield code="4">0</subfield>
    <subfield code="7">0</subfield>
    <subfield code="8">MEDICAL</subfield>
    <subfield code="a">FM</subfield>
    <subfield code="b">FM</subfield>
    <subfield code="c">TXT</subfield>
    <subfield code="d">2010-02-06</subfield>
    <subfield code="e">JAYPEE</subfield>
    <subfield code="g">295.00</subfield>
    <subfield code="i">SGTU</subfield>
    <subfield code="l">2</subfield>
    <subfield code="o">617.71 D07M</subfield>
    <subfield code="p">FM502</subfield>
    <subfield code="r">2022-10-11 00:00:00</subfield>
    <subfield code="s">2022-09-28</subfield>
    <subfield code="w">2011-03-09</subfield>
    <subfield code="y">BK</subfield>
    <subfield code="k">7215</subfield>
  </datafield>
  <datafield tag="999" ind1=" " ind2=" ">
    <subfield code="c">124</subfield>
    <subfield code="d">124</subfield>
  </datafield>
</record>
